| 000 | 00449 a2200157 4500 | ||
|---|---|---|---|
| 020 | _a9780470823231 | ||
| 040 |
_aDLC _bDLC |
||
| 082 | _a621.381 | ||
| 100 | _aLin, Ming-Bo | ||
| 245 |
_aDigital system designs and practices : using verilog HDL and FPGAs _cMing-Bo Lin |
||
| 260 |
_aSingapore _bWiley _c2008 |
||
| 300 | _a809 p. | ||
| 650 | _aVerilog (Computer hardware description language) | ||
| 700 | _aMing-Bo Lin | ||
| 942 |
_cBK _k621.381 LIN _2ddc |
||
| 999 |
_c10779 _d10779 |
||